LEADER 01074nam a2200265 u 4500 001 000000075640 003 CaOOAMICUS 005 20070226123125.0 008 031014s2001 it u000 u ita u 020 $a88-348-1029-5 035 $a10972820 040 $aMSA$bita 100 1 $aGalantino, Luisa.$0(OLS)http://pul/name/50291 245 10$aDiritto comunitario del lavoro /$cLuisa Galantino. 250 $a3. ed. aggiornata al 31 gennaio 2001. 260 $aTorino :$bGiappichelli,$c2001. 300 $axii, 242 p. ;$c24 cm 650 4$aDiritto del lavoro$zEuropa.$0(OLS)http://pul/subject/17062 650 4$aDiritto internazionale.$0(OLS)http://pul/subject/2505 850 $aPUL 852 $aPUL$W1$xSL Diritto e Scienze Sociali 1$y4$m176 D 91$j97288$nBK-PRI$b $qStampati$B97288$CPULBib$Z2$F97288 $HPUL91034 $81 941 1 $a8 996 $6020$a88-348-1029-5$9(OLS)http://pul/number/98806 996 $6245$aDiritto comunitario del lavoro$9(OLS)http://pul/title/99277 996 $6260$aTorino :$bGiappichelli$9(OLS)http://pul/publisher/48244 LEADER 01773nam a2200385 a 4500 001 000000143640 003 CaOOAMICUS 005 20150527132205.0 008 150527s2015 it u000 u ita r 020 $a978-88-13-32471-1 040 $aPUL$bita 082 04$a348.45 100 1 $aConso, Giovanni.$0(OLS)http://pul/name/15769 245 10$aCommentario breve al codice di procedura penale /$cGiovanni Conso, Giulio Illuminati ; con la collaborazione di Rossano Adorno ... [et al.]. 250 $a2. ed. coordinata da Livia Giuliani. 260 $aPadova :$bCEDAM,$c2015. 300 $aXLIX, 3375 p. ;$c24 cm 490 1 $aBreviaria Iuris ;$v06 500 $aTesto su due colonne. 500 $aIn testa al front.: Giovanni Conso, Vittorio Grevi, fondatori dell'opera. 630 04$aCodice di procedura penale$zItalia.$0(OLS)http://pul/subject/20312 650 4$aProcedura penale$zItalia.$0(OLS)http://pul/subject/12686 700 1 $aIlluminati, Giulio,$d1946-$0(OLS)http://pul/name/88153 700 1 $aGiuliani, Livia,$d1966-$0(OLS)http://pul/name/84262 700 1 $aAdorno, Rossano,$d1966-$0(OLS)http://pul/name/92296 700 1 $aGrevi, Vittorio.$0(OLS)http://pul/name/15770 830 0$aBreviaria Iuris ;$v06.$0(OLS)http://pul/title/8521 850 $aPUL 852 $aPUL$W1$xDP2 Diritto e Scienze Sociali 3$y110$m348. 45 COD 1.1.43$j165726$qDDC 21$B166071$CPULBib$Z2$F166071 $H125922 $82 941 1 $a9 996 $6020$a978-88-13-32471-1$9(OLS)http://pul/number/157672 996 $6082$a348.45$9(OLS)http://pul/classification/373 996 $6245$aCommentario breve al codice di procedura penale$9(OLS)http://pul/title/181736 996 $6260$aPadova :$bCEDAM$9(OLS)http://pul/publisher/48126